Catálogo

Física : (Registro nro. 25988)

Detalles MARC
000 -LEADER
fixed length control field 01166cam a2200325 i 4500
001 - CONTROL NUMBER
control field 25988
003 - CONTROL NUMBER IDENTIFIER
control field Mx-PuUPA
005 - DATE AND TIME OF LATEST TRANSACTION
control field 20240410103740.0
008 - FIXED-LENGTH DATA ELEMENTS--GENERAL INFORMATION
fixed length control field 140415s2004 mx a r 000 0 spa d
020 ## - INTERNATIONAL STANDARD BOOK NUMBER
International Standard Book Number 9701042697
020 ## - INTERNATIONAL STANDARD BOOK NUMBER
International Standard Book Number 9789701042694
040 ## - CATALOGING SOURCE
Original cataloging agency MX-PuUPA
Language of cataloging spa
Description conventions rda
Transcribing agency Mx-PuUPA
Modifying agency Mx-PuUPA
041 1# - LANGUAGE CODE
Language code of text/sound track or separate title spa
Language code of original eng
100 1# - MAIN ENTRY--PERSONAL NAME
Personal name Zitzewitz, Paul W.,
Relator term autor
9 (RLIN) 6569
240 10 - UNIFORM TITLE
Uniform title Physics, principles and problems.
Language of a work Español
245 10 - TITLE STATEMENT
Title Física :
Remainder of title principios y problemas /
Statement of responsibility, etc. Paul W. Zitzewitz, traductor Nuevo Mundo ; editor, Guillermo E. Mora G.
250 ## - EDITION STATEMENT
Edition statement Primera edición
264 #1 - PRODUCTION, PUBLICATION, DISTRIBUTION, MANUFACTURE, AND COPYRIGHT NOTICE
Place of production, publication, distribution, manufacture México, D.F. :
Name of producer, publisher, distributor, manufacturer McGraw-Hill Interamericana Editores,
Date of production, publication, distribution, manufacture, or copyright notice 2004
300 ## - PHYSICAL DESCRIPTION
Extent xvi, 894 páginas :
Other physical details ilustraciones ;
Dimensions 27 cm.
336 ## - CONTENT TYPE
Content type term texto
Fuente rdacontent
Content type code txt
337 ## - MEDIA TYPE
Media type term sin medio
Source rdamedia
Media type code n
338 ## - CARRIER TYPE
Carrier type term volumen
Source rdacarrier
Carrier type code nc
650 #4 - SUBJECT ADDED ENTRY--TOPICAL TERM
Topical term or geographic name entry element Física
General subdivision Estudio y enseñanza
700 1# - ADDED ENTRY--PERSONAL NAME
Personal name Mora G., Guillermo E.,
Relator term editor
710 1# - ADDED ENTRY--CORPORATE NAME
Corporate name or jurisdiction name as entry element Nuevo Mundo,
Relator term traductor
765 08 - ORIGINAL LANGUAGE ENTRY
Main entry heading Zitzewitz, Paul W.,
Title Physics, principles and problems.
942 ## - ADDED ENTRY ELEMENTS (KOHA)
Source of classification or shelving scheme Dewey Decimal Classification
Koha item type Libro
Classification part 530
Item part Z825
Existencias
Withdrawn status Lost status Source of classification or shelving scheme Damaged status Not for loan Collection code Home library Current library Shelving location Date acquired Source of acquisition Total Checkouts Full call number Barcode Date last seen Date last checked out Price effective from Koha item type
    Dewey Decimal Classification     General Biblioteca Karol Wojtyla Biblioteca Karol Wojtyla Sala general 03/12/2013 Compra 1 530 Z825 2004 48378 05/01/2026 29/10/2018 05/03/2018 Libro